| 000 | 00541nam a2200193 u 4500 | ||
|---|---|---|---|
| 005 | 20220603063700.0 | ||
| 008 | 080609s2006 r 000 0 eng d | ||
| 020 | _a8448820584 | ||
| 035 | _aUPN01000156699 | ||
| 049 | _aI | ||
| 050 | 4 |
_aPZ73 _bM3.84 |
|
| 100 | 1 | _aMato, Moisés | |
| 245 | 1 | 0 |
_aLaura y el beso sin dueño / _cMoisés Mato ; il. de Subi. |
| 260 |
_aBarcelona, Esp. : _bBeascoa, _c2006, |
||
| 300 |
_a[24] p : _bprincipalmente il. col. |
||
| 650 | 4 |
_aCuentos infantiles _96744 |
|
| 700 | 1 |
_aSubi, _eil. |
|
| 905 | _aInfantil | ||
| 999 |
_c128813 _d128813 |
||